Statistiques concernant Nombres en allemand

Cliquez ici pour prendre le quiz!

Statistiques générales

  • Ce quiz a été pris 193 fois
  • Le résultat moyen est 13 sur 20

Statistiques - réponses

AllemandNombre% Correct
achtzehn18
100%
fünfunddreißig35
100%
sechsundvierzig46
100%
siebzig70
100%
siebenundsiebzig77
100%
achtzig80
100%
vierundneunzig94
89%
vierhundert400
88%
zwanzig20
83%
achtunddreißig38
83%
neunundvierzig49
83%
zweiundsiebzig72
83%
neunundneunzig99
83%
fünfzehn15
80%
neunundzwanzig29
80%
dreiundvierzig43
80%
sechs6
80%
acht8
80%
zweiundneunzig92
80%
vierunddreißig34
78%
vierundfünfzig54
78%
hundert100
75%
elf11
75%
zwei2
75%
einundsiebzig71
75%
zehn10
73%
achtundzwanzig28
73%
vierzehn14
71%
drei3
71%
sechsunddreißig36
71%
sechzig60
71%
neuntausend9000
71%
fünfundzwanzig25
70%
eins1
67%
zehntausend10000
67%
dreizehn13
67%
einundzwanzig21
67%
dreißig30
67%
einunddreißig31
67%
siebenunddreißig37
67%
fünfzig50
67%
vierundsechzig64
67%
siebenhundert700
67%
vierundsiebzig74
67%
achthundert800
67%
fünfundneunzig95
67%
sechsundneunzig96
64%
viertausend4000
63%
siebenundvierzig47
63%
achttausend8000
63%
achtundachtzig88
63%
siebenundzwanzig27
60%
zweiundfünfzig52
60%
einundsechzig61
60%
fünfundsiebzig75
60%
einundachtzig81
60%
zweiundachtzig82
60%
vierundachtzig84
60%
sechzehn16
58%
zweitausend2000
58%
zwölf12
57%
siebentausend7000
57%
einundfünfzig51
56%
neunzig90
56%
neunzehn19
50%
zweiundzwanzig22
50%
dreitausend3000
50%
dreiunddreißig33
50%
neununddreißig39
50%
vier4
50%
zweiundvierzig42
50%
vierundvierzig44
50%
fünf5
50%
fünfundfünfzig55
50%
sechshundert600
50%
sechsundsechzig66
50%
siebenundsechzig67
50%
achtundsechzig68
50%
dreiundachtzig83
50%
neun9
50%
dreiundneunzig93
50%
achtundneunzig98
50%
sechsundsiebzig76
45%
neunundachtzig89
45%
siebenundneunzig97
45%
dreiundfünfzig53
44%
fünfhundert500
43%
neunundsiebzig79
43%
fünfundachtzig85
43%
sechsundachtzig86
43%
neunhundert900
43%
dreiundzwanzig23
40%
sieben7
40%
zweihundert200
38%
achtundvierzig48
38%
fünftausend5000
38%
eintausent1000
36%
vierundzwanzig24
33%
vierzig40
33%
fünfundvierzig45
33%
sechsundfünfzig56
33%
achtundfünfzig58
33%
zweiundsechzig62
33%
dreiundsechzig63
33%
fünfundsechzig65
33%
dreiundsiebzig73
33%
siebenundachtzig87
33%
einundneunzig91
33%
neunundfünfzig59
25%
achtundsiebzig78
25%
neunundsechzig69
20%
siebzehn17
17%
sechsundzwanzig26
17%
einundvierzig41
17%
siebenundfünfzig57
17%
dreihundert300
0%
zweiunddreißig32
0%
sechstausend6000
0%

Distribution des résultats

Percentile par nombre de réponses

% des personnes avec chaque résultat

Votre développement - résultats

Vous n’avez pas pris ce quiz